LIBRARY ONLINE CATALOGUE

Protectors of environment : (Record no. 700)

MARC details
000 -LEADER
fixed length control field 00762nam a22002172 4500
001 - CONTROL NUMBER
control field 0000007210
005 - DATE AND TIME OF LATEST TRANSACTION
control field 20151021151112.0
008 - FIXED-LENGTH DATA ELEMENTS--GENERAL INFORMATION
fixed length control field 071130s xx 000 0 eng d
020 ## - INTERNATIONAL STANDARD BOOK NUMBER
International Standard Book Number 9966977287 :
Terms of availability KES
040 ## - CATALOGING SOURCE
Original cataloging agency KABU
Transcribing agency KABU
245 10 - TITLE STATEMENT
Title Protectors of environment :
Remainder of title mapping and profiling environmental organisations in Kenya.
260 ## - PUBLICATION, DISTRIBUTION, ETC. (IMPRINT)
Place of publication, distribution, etc. Nairobi :
Name of publisher, distributor, etc. Heinrich Boll Foundation,
Date of publication, distribution, etc. 2006.
300 ## - PHYSICAL DESCRIPTION
Extent viii,112 p.
591 ## -
-- Donation
650 #0 - SUBJECT ADDED ENTRY--TOPICAL TERM
Topical term or geographic name as entry element Environmental services
Form subdivision Directories
General subdivision Societies, etc.
Geographic subdivision Kenya.
-- 0000158341
908 ## - PUT COMMAND PARAMETER (RLIN)
Put command parameter 071130
950 ## - LOCAL HOLDINGS (RLIN)
-- 1
Holdings
Withdrawn status Lost status Source of classification or shelving scheme Not for loan Home library Current library Date acquired Total Checkouts Full call number Barcode Date last seen Price effective from Koha item type Damaged status
  Lost and Paid For Library of Congress Classification   Kabarak, Main Campus Kabarak, Main Campus 17/12/2015   GE20 .P76 011386 17/12/2015 17/12/2015 General Collection  
    Library of Congress Classification   Kabarak, Main Campus Kabarak, Main Campus 17/12/2015   GE20 .P76 011387 17/12/2015 17/12/2015 General Collection  
    Library of Congress Classification   Kabarak, Main Campus Kabarak, Main Campus 17/12/2015   GE20 .P76 011384 17/12/2015 17/12/2015 Africana Collection  
    Library of Congress Classification Not For Loan Kabarak, Main Campus Kabarak, Main Campus 17/12/2015   GE20 .P76 011385 17/12/2015 17/12/2015 Reference  
    Library of Congress Classification   Kabarak, Nakuru City Campus Kabarak, Nakuru City Campus 21/10/2015   GE20 .P76 c. 1 011433 21/10/2015 21/10/2015 General Collection  
    Library of Congress Classification   Kabarak, Nakuru City Campus Kabarak, Nakuru City Campus 21/10/2015   GE20 .P76 c. 2 22224 21/10/2015 21/10/2015 General Collection  
    Library of Congress Classification   Kabarak, Nakuru City Campus Kabarak, Nakuru City Campus 21/10/2015   GE20 .P76 c. 3 22209 21/10/2015 21/10/2015 General Collection